banner koha

Tocantins prioriza hortas comunitárias (Registro n. 300695)

MARC details
000 -LÍDER
fixed length control field 01029nab a2200313 4500
003 - CÓDIGO MARC DA AGÊNCIA CATALOGADORA
Campo de controle BR-BrBNA
005 - DATA E HORA DA ÚLTIMA ATUALIZAÇÃO
Campo de controle 20240814164648.0
008 - CAMPO DE TAMANHO FIXO
fixed length control field 240729b bl.||||| |||| 00| 0 por d
040 ## - FONTE DA CATALOGAÇÃO
Agência catalogadora BR-BrBNA
Idioma da catalogação por
072 ## - CATEGORIA AGRIS
Código AGRIS F01 ; S40 ; C20
100 ## - ENTRADA PRINCIPAL - NOME PESSOAL
Nome pessoal Costa, Antônio
245 ## - TÍTULO PRINCIPAL
Título principal Tocantins prioriza hortas comunitárias
Subtítulo Agricultura familiar
500 ## - NOTA GERAL
Nota geral 1 illus.
942 ## - ADDED ENTRY ELEMENTS (KOHA)
Koha item type
650 ## - ASSUNTO - THESAGRO
Cabeçalho tópico ou nome geográfico PROJETO AGRÍCOLA
650 ## - ASSUNTO - THESAGRO
Cabeçalho tópico ou nome geográfico HORTA
650 ## - ASSUNTO - THESAGRO
Cabeçalho tópico ou nome geográfico AGRICULTURA FAMILIAR
650 ## - ASSUNTO - THESAGRO
Cabeçalho tópico ou nome geográfico DESENVOLVIMENTO COMUNITÁRIO
650 ## - ASSUNTO - THESAGRO
Cabeçalho tópico ou nome geográfico ASSOCIATIVISMO
650 ## - ASSUNTO - THESAGRO
Cabeçalho tópico ou nome geográfico CAPACITAÇÃO
650 ## - ASSUNTO - THESAGRO
Cabeçalho tópico ou nome geográfico ASSISTÊNCIA TÉCNICA
650 ## - ASSUNTO - THESAGRO
Cabeçalho tópico ou nome geográfico COMERCIALIZAÇÃO
650 ## - ASSUNTO - THESAGRO
Cabeçalho tópico ou nome geográfico RENDA
650 ## - ASSUNTO - THESAGRO
Cabeçalho tópico ou nome geográfico QUALIDADE DO ALIMENTO
650 ## - ASSUNTO - THESAGRO
Cabeçalho tópico ou nome geográfico NUTRIÇÃO HUMANA
650 ## - ASSUNTO - THESAGRO
Cabeçalho tópico ou nome geográfico SUL DO TOCANTINS
773 0# - ENTRADA ANALÍTICA
Host Biblionumber 4604
Registro do item 317185
Imprenta Palmas - Tocantins Terranova Gráfica e Editora Jornalística Ltda 2005
Outro identificador 2024-3809
Título Cerrado Rural Agronegócios (Brazil)
ISSN 1980-2595
Colação v. 3(14) p. 11; (Feb 2006)
Número de controle de registro BR2024002366

Nenhum exemplar disponível.

BINAGRI

Telefone: (61)3218-2567/2388/3357/2097 - binagri@agro.gov.br

Ministério da Agricultura e Pecuária , Esplanada dos Ministérios, Bloco D, Anexo B, Brasília/DF, CEP: 70.043-900